NFL Rookies of the Year - Statistics

General Stats
  • This quiz has been taken 35,326 times
    5,451 since last reset
  • The average score is 22 of 58
Answer Stats
Year Team Player % Correct
2024 Commanders Jayden Daniels
96%
2023 Texans C. J. Stroud
95%
2021 Bengals Ja'Marr Chase
92%
2020 Chargers Justin Herbert
92%
2019 Cardinals Kyler Murray
92%
2022 Jets Garrett Wilson
86%
2018 Giants Saquon Barkley
85%
2016 Cowboys Dak Prescott
83%
2017 Saints Alvin Kamara
77%
2011 Panthers Cam Newton
77%
2014 Giants Odell Beckham Jr.
71%
2012 Redskins Robert Griffin III
69%
2015 Rams Todd Gurley
66%
2007 Vikings Adrian Peterson
58%
2004 Steelers Ben Roethlisberger
58%
2008 Falcons Matt Ryan
58%
1990 Cowboys Emmitt Smith
55%
1989 Lions Barry Sanders
49%
1998 Vikings Randy Moss
48%
2010 Rams Sam Bradford
44%
2013 Packers Eddie Lacy
42%
1975 Redskins Mike Thomas
42%
2001 Bears Anthony Thomas
41%
1981 Saints George Rogers
41%
1972 Steelers Franco Harris
40%
2006 Titans Vince Young
40%
1985 Bengals Eddie Brown
28%
1999 Colts Edgerrin James
28%
1994 Colts Marshall Faulk
28%
2005 Bucs Cadillac Williams
27%
1983 Rams Eric Dickerson
26%
1996 Oilers Eddie George
24%
1982 Raiders Marcus Allen
24%
1978 Oilers Earl Campbell
23%
2000 Broncos Mike Anderson
23%
1979 Cardinals Ottis Anderson
23%
1976 Vikings Sammy White
21%
1993 Rams Jerome Bettis
20%
2009 Vikings Percy Harvin
19%
1995 Patriots Curtis Martin
18%
2003 Cardinals Anquan Boldin
17%
1977 Cowboys Tony Dorsett
15%
2002 Broncos Clinton Portis
14%
1980 Lions Billy Sims
13%
1974 Chargers Don Woods
13%
1997 Bucs Warrick Dunn
12%
1967 Lions Mel Farr
10%
1969 Cowboys Calvin Hill
9%
1973 Vikings Chuck Foreman
7%
1992 Bengals Carl Pickens
6%
1984 Steelers Louis Lipps
6%
1988 Patriots John Stephens
5%
1991 Patriots Leonard Russell
5%
1970 Bills Dennis Shaw
4%
1971 Packers John Brockington
4%
1986 Saints Rueben Mayes
4%
1987 Dolphins Troy Stradford
4%
1968 Lions Earl McCullouch
3%
No matching quizzes found
Score Distribution
Percent of People with Each Score
Percentile by Number Answered
Your Score History
You have not taken this quiz since the last reset